000 00903nam a2200253Ia 4500
003 OSt
005 20220923224226.0
006 a|||||r|||| 00| 0
007 ta
008 220922b |||||||| |||| 00| 0 hin d
024 _a229,606
037 _cTextual
040 _aARTS
_cARTS
_bhin
041 _2hin
_ahin
082 _aY:1.1.A, 152P6
100 _aमार्गन, लेविस हेनरी; नरेश 'नदीम', संपा.
_9167844
245 0 _aप्राचीन समाज
246 _aPrāchīn samāja
260 _aनयी दिल्ली
_b प्रकाशन संस्थान
_c2006
300 _a543पृ.
_ccm.
490 _aलोकचेतना - 11
942 _hY:1.1.A, 152P6
_cTEXL
_2CC
999 _c370094
_d370094